Movies Quiz

Random Movies or Popular Quiz

9 Fictional Indian characters (Movies) Quiz Stats

 Plays Quiz not verified by Sporcle

Score 0/9 Timer 00:45
0 Plays Today
% Correct
Princess Aouda
97.3%
Mowgli
97.3%
Pi
88.1%
Jamal Malik
84.6%
Captain Nemo
82.6%
Dr. Ahmed el Kabir
79.8%
Mola Ram
75.3%
Khan
74.8%
Kumar Patel
73.8%

You're not logged in!

Compare scores with friends on all Sporcle quizzes.
OR
Log In

Show Comments

Extras

Top Quizzes Today


Score Distribution

Your Account Isn't Verified!

In order to create a playlist on Sporcle, you need to verify the email address you used during registration. Go to your Sporcle Settings to finish the process.

Report this User

Report this user for behavior that violates our Community Guidelines.

Details: